Flags of Countries When They First Played At A FIFA World Cup - Statistics

General Stats
  • This quiz has been taken 246 times
    221 since last reset
  • The average score is 69 of 84
Answer Stats
Picture Hint Answer % Correct
1930 Belgium
98%
1934 Italy
98%
1994 Nigeria
98%
1998 Japan
96%
2002 China
95%
1986 Denmark
95%
1930 France
95%
1938 Norway
95%
1954 Scotland
94%
1974 Australia
93%
1930 Chile
93%
2006 Czech Republic
93%
2022 Qatar
93%
1954 Turkey
93%
1998 Jamaica
92%
1934 Netherlands
92%
1930 Romania
92%
2002 Senegal
90%
1998 Croatia
89%
1970 Israel
89%
1930 United States
89%
2006 Angola
88%
1998 South Africa
88%
2006 Ukraine
88%
1982 Honduras
87%
1930 Mexico
87%
1958 Soviet Union
87%
1934 Switzerland
87%
1982 New Zealand
86%
1966 North Korea
86%
1938 Poland
86%
1990 Republic of Ireland
86%
1994 Saudi Arabia
86%
2010 Serbia
86%
2014 Bosnia and Herzegovina
85%
1986 Canada
85%
1966 Portugal
85%
1994 Russia
85%
2010 Slovakia
85%
2002 Slovenia
85%
1930 Uruguay
85%
1930 Argentina
84%
1990 Costa Rica
84%
1954 South Korea
84%
1934 Sweden
84%
2006 Trinidad and Tobago
84%
1930 Brazil
83%
1962 Colombia
83%
1950 England
83%
1994 Greece
83%
1958 Northern Ireland
83%
1934 Austria
82%
2018 Iceland
82%
1930 Peru
82%
1970 Morocco
81%
2018 Panama
81%
1978 Tunisia
81%
1982 Algeria
80%
1982 Cameroon
80%
2006 Côte d'Ivoire
79%
2002 Ecuador
79%
1934 Hungary
78%
1978 Iran
78%
1986 Iraq
78%
1930 Paraguay
78%
1962 Bulgaria
77%
1974 East Germany
77%
1938 Cuba
76%
2006 Ghana
76%
1934 Spain
76%
1990 United Arab Emirates
76%
1958 Wales
75%
1970 El Salvador
73%
1930 Bolivia
71%
2006 Togo
70%
1982 Kuwait
69%
1934 Czechoslovakia
68%
1930 Yugoslavia
66%
1934 Germany
64%
1974 Haiti
60%
1998 FR Yugoslavia
57%
1974 Zaire
51%
1934 Egypt
43%
1938 Dutch East Indies
40%
No matching quizzes found
Score Distribution
Percent of People with Each Score
Percentile by Number Answered
Your Score History
You have not taken this quiz since the last reset